Songs from Michael Jackson albums - Statistiques

Statistiques générales
  • Ce quiz a été pris 6 fois
  • Le résultat moyen est 25 sur 75
Statistiques - réponses
Off the Wall % Correct
Beat It
100%
Thriller
100%
2 Bad
80%
Bad
80%
Billie Jean
80%
Black or White
80%
Dangerous
80%
I Just Can't Stop Loving You
80%
Rock With You
80%
Smooth Criminal
80%
Dirty Diana
60%
Heal the World
60%
History
60%
Invincible
60%
Scream
60%
The Way You Make Me Feel
60%
They Don't Care About Us
60%
You Are Not Alone
60%
Baby Be Mine
40%
Don't Stop 'Til You Get Enough
40%
Earth Song
40%
In the Closet
40%
Liberian Girl
40%
Off the Wall
40%
P.Y.T. (Pretty Young Thing)
40%
Remember the Time
40%
Stranger in Moscow
40%
The Girl Is Mine
40%
Wanna Be Startin' Somethin'
40%
Workin' Day and Night
40%
You Rock My World
40%
2000 Watts
20%
Another Part of Me
20%
Burn This Disco Out
20%
Butterflies
20%
Can't Let Her Get Away
20%
D.S.
20%
Get On the Floor
20%
Give In to Me
20%
Gone Too Soon
20%
Heartbreaker
20%
Human Nature
20%
Jam
20%
Leave Me Alone
20%
Little Susie
20%
Man In the Mirror
20%
Money
20%
Privacy
20%
She Drives Me Wild
20%
She's Out of My Life
20%
Smile
20%
Speechless
20%
Speed Demon
20%
Tabloid Junkie
20%
The Lady in My Life
20%
This Time Around
20%
Threatened
20%
Unbreakable
20%
Whatever Happens
20%
Who Is It
20%
Why You Wanna Trip On Me
20%
Will You Be There
20%
You Are My Life
20%
Break of Dawn
0%
Childhood
0%
Come Together
0%
Cry
0%
Don't Walk Away
0%
Girlfriend
0%
Heaven Can Wait
0%
I Can't Help It
0%
It's the Falling in Love
0%
Just Good Friends
0%
Keep the Faith
0%
The Lost Children
0%
Aucun quiz correspondant
Distribution des résultats
% des personnes avec chaque résultat
Percentile par nombre de réponses
Votre historique - résultats
Vous n’avez pas pris ce quiz